Softvéry pre vedenie skladového hospodárstva

Gespeichert in:
Bibliographische Detailangaben
1. Verfasser: Šefčíková, Denisa
Format: Buchkapitel
Sprache:Slowakisch
Tags: Tag hinzufügen
Keine Tags, Fügen Sie das erste Tag hinzu!

MARC

LEADER 00000nla a2200000 4500
001 0240195
005 20240502073910.8
041 0 |a slo 
044 |a SK 
245 1 0 |a Softvéry pre vedenie skladového hospodárstva 
500 |a Abstrakt 
100 1 |a Šefčíková, Denisa